Historia del reinado de Guillermo III
Tallennettuna:
| Päätekijä: | |
|---|---|
| Aineistotyyppi: | Kirja |
| Kieli: | espanja |
| Julkaistu: |
Madrid
Perlado
1905
|
| Sarja: | Biblioteca Clásica
|
| Aiheet: | |
| Tagit: |
Lisää tagi
Ei tageja, Lisää ensimmäinen tagi!
|
MARC
| LEADER | 00000nam a2200000 a 4500 | ||
|---|---|---|---|
| 001 | UCO0381 | ||
| 003 | CL-VaPUC | ||
| 008 | 000420e19050000SP |||||||||||||||||spa|d | ||
| 082 | 0 | 4 | |a 941.068 |b MAC |2 21 |
| 100 | |a Macaulay, Thomas Babington |e autor |9 514895 | ||
| 245 | 1 | 0 | |a Historia del reinado de Guillermo III |
| 300 | |a v | ||
| 942 | |c BK | ||
| 945 | |d 20000420 00:00:00 |a rherrera | ||
| 260 | |a Madrid |b Perlado |c 1905 | ||
| 600 | 0 | 7 | |a GUILLERMO III |2 CL-VaPUC |9 437082 |
| 650 | 0 | |a Historia de Inglaterra |9 376029 | |
| 650 | 7 | |a REINADOS |2 CL-VaPUC |9 401397 | |
| 650 | 0 | |a Historia |y Siglo 17 |9 255532 | |
| 651 | 0 | |a Inglaterra |9 255158 | |
| 583 | |a last modification |c 20160817 11:29:17 |k Rodrigo Vera | ||
| 490 | 0 | |a Biblioteca Clásica | |
| 999 | |c 287092 |d 287090 | ||
| 952 | |0 0 |1 0 |4 0 |6 941_068000000000000_MAC_1905 |7 0 |8 X |9 333501 |a BIBHIS |b BIBHIS |d 2019-11-20 |h v.1 |i 1265423 |o 941.068 MAC 1905 |p 1265423 |r 2024-01-30 |w 2019-11-20 |y BK_X |k HIS | ||
| 952 | |0 0 |1 0 |4 0 |6 941_068000000000000_MAC_1905 |7 0 |8 X |9 333502 |a BIBHIS |b BIBHIS |d 2019-11-20 |h v.2 |i 1265431 |o 941.068 MAC 1905 |p 1265431 |r 2024-01-30 |w 2019-11-20 |y BK_X |k HIS | ||
| 952 | |0 0 |1 0 |4 0 |6 941_068000000000000_MAC_1905 |7 0 |8 X |9 333503 |a BIBHIS |b BIBHIS |d 2019-11-20 |h v.3 |i 126544K |o 941.068 MAC 1905 |p 126544K |r 2024-01-30 |w 2019-11-20 |y BK_X |k HIS | ||
| 952 | |0 0 |1 0 |4 0 |6 941_068000000000000_MAC_1905 |7 0 |8 X |9 333504 |a BIBHIS |b BIBHIS |d 2019-11-20 |h v.4 |i 1265458 |o 941.068 MAC 1905 |p 1265458 |r 2024-01-30 |w 2019-11-20 |y BK_X |k HIS | ||
| 952 | |0 0 |1 0 |4 0 |6 941_068000000000000_MAC_1905 |7 0 |8 X |9 333505 |a BIBHIS |b BIBHIS |d 2019-11-20 |h v.5 |i 1265466 |o 941.068 MAC 1905 |p 1265466 |r 2024-01-30 |w 2019-11-20 |y BK_X |k HIS | ||
| 952 | |0 0 |1 0 |4 0 |6 941_068000000000000_MAC_1905 |7 0 |8 X |9 333506 |a BIBHIS |b BIBHIS |d 2019-11-20 |h v.6 |i 1265474 |o 941.068 MAC 1905 |p 1265474 |r 2024-01-30 |w 2019-11-20 |y BK_X |k HIS | ||